000 00406nam a22001457a 4500
082 _a954.912
_bOPE
100 _aGovt of India
_942378
245 _aOperations in waziristan 1919-1920
_cGovt of India
250 _a2nd volume
260 _aDelhi
_bGovernment central press
_c1923
300 _a193p.:
_bill,;
_c20 cm.
526 _a0
_b0
_c0
_d954_912000000000000_OPE
650 _aMCE
_9379
942 _2ddc
_cBK
999 _c553345
_d553345